000 00309nam a2200109 4500
999 _c14081
_d14081
008 190731b ||||| |||| 00| 0 eng d
245 _aAgriculture credit: what ails?.
260 _aPhilippines:
_bPhilippine Daily Inquirer;
_cc2019.
300 _apage B2-3.
650 0 _939098
_aAgriculture.
942 _2ddc
_cPER